Balanç d'actuacions 1987-1991 de l'Àmbit d'Organització i Economia
Descripción Física:
148 p. : il., col. ; 30 cm
MARC
| LEADER | 00000nam a2200000Ia 4500 | ||
|---|---|---|---|
| 001 | 9433 | ||
| 003 | BGR | ||
| 005 | 20260324175321.0 | ||
| 008 | 160829s9999 xx 000 0 cat d | ||
| 080 | |a M-1-74 | ||
| 110 | 1 | |a Barcelona (Catalunya). |b Ajuntament |9 50981 | |
| 245 | |a Balanç d'actuacions 1987-1991 de l'Àmbit d'Organització i Economia | ||
| 260 | |a Barcelona : |b Ajuntament de Barcelona, DL 1991 | ||
| 300 | |a 148 p. : |b il., col. ; |c 30 cm | ||
| 650 | |a Barcelona. Àmbit d'Organització i Economia |x Memòries |9 26620 | ||
| 901 | |a Arxiu | ||
| 942 | |n 1 |2 udc |c MON | ||
| 952 | |0 0 |1 0 |4 0 |6 M174 |7 1 |9 44082 |a Arxiu |b Arxiu |d 2016-12-01 |l 0 |o M-1-74 |p 9433 |r 2016-12-01 00:00:00 |w 2016-12-01 |y ARXIU | ||
| 999 | |c 46662 |d 46662 | ||